|
|
|
|
| LEADER |
00000nam0a2200000 4500 |
| 001 |
135156 |
| 005 |
20231031135952.0 |
| 010 |
|
|
|a 5340010422
|
| 010 |
|
|
|a 5-340-01044-9
|
| 020 |
|
|
|a RU
|b 92-17791
|
| 035 |
|
|
|a (RuTPU)RU\TPU\book\146485
|
| 035 |
|
|
|a RU\TPU\book\146481
|
| 090 |
|
|
|a 135156
|
| 100 |
|
|
|a 20080408g1992 m y0rusy5003 ca
|
| 101 |
0 |
|
|a rus
|
| 102 |
|
|
|a BY
|
| 105 |
|
|
|a y z 000ay
|
| 200 |
1 |
|
|a Избранные произведения
|e В 2 т.
|h Т. 2
|i ...Отдаешь навсегда. Возвращение к себе. Романы
|f М. Н. Герчик
|
| 210 |
|
|
|a Минск
|c Мастацкая лiтаратура
|d 1992
|
| 215 |
|
|
|d 21 см
|a 574 с.
|
| 610 |
1 |
|
|a Онкологи в СССР
|
| 610 |
1 |
|
|a Научно-исследовательские институты онкологии и радиологии
|
| 610 |
1 |
|
|a советская литература
|
| 610 |
1 |
|
|a романы
|
| 675 |
|
|
|a 882
|z rus
|
| 700 |
|
1 |
|a Герчик
|b М. Н.
|g Михаил Наумович
|4 070
|
| 801 |
|
0 |
|a RU
|b RuMRKP
|c 19950417
|g psbo
|
| 801 |
|
1 |
|a RU
|b 63413507
|c 20080408
|g PSBO
|
| 801 |
|
2 |
|a RU
|b 63413507
|c 20080408
|g PSBO
|
| 942 |
|
|
|c BK
|